000 00296nam a22001337a 4500
008 170424b xxu||||| |||| 00| 0 eng d
020 _a133414124
041 _aeng
080 _a547
100 _a12
101 _aSHM
245 _aFUNDAMENTAL ORGANIC CHEMISTRY
_cFINLEY, K.T
942 _2udc
_cBK
999 _c11618
_d11618